|
|
|
|
| LEADER |
00000cam a2200000 7i4500 |
| 001 |
0000000978 |
| 005 |
20140321.0 |
| 020 |
0 |
0 |
|a 9250010427
|
| 090 |
0 |
0 |
|a FAO338.13
|b FOR 1981
|
| 245 |
0 |
0 |
|a FOREST products prices :
|b 1961-1980
|c prepared by Statistics and Economic analysis unit .
|l Prix des produits forestiers .
|l Precios de productos forestales
|
| 260 |
0 |
0 |
|a Rome :
|b Food and Agriculture Organization of the United Nations ,
|c 1981
|
| 300 |
|
|
|a 113 p. :
|b ill. ;
|c 28 cm.
|
| 440 |
0 |
0 |
|a FAO forestry paper ; 23
|
| 650 |
0 |
0 |
|a Forest products
|x Prices
|
| 710 |
1 |
1 |
|a Food and Agriculture Organization of the United Nations (FAO)
|
| 998 |
|
|
|a JPSM
|
| 999 |
|
|
|a 0000002147
|b Monograph
|c Food and Agriculture Organization
|e Default branch
|
| 999 |
|
|
|a 0000002148
|b Monograph
|c Food and Agriculture Organization
|e Default branch
|
| 999 |
|
|
|a 0000002169
|b Monograph
|c Food and Agriculture Organization
|e Default branch
|